| 000 | 00425nab a2200145Ia 4500 | ||
|---|---|---|---|
| 003 | ES-SlBCS | ||
| 005 | 20210601131743.0 | ||
| 008 | 140529s1932 xxu||||| |||| 00| 0 fre d | ||
| 041 | _afre | ||
| 100 | 1 |
_aJégouline, M. _9188606 |
|
| 245 | 0 | 0 |
_aL'économie soviétique _c M. Jégouline |
| 650 | 0 | 4 |
_aEconomía Soviética _9188607 |
| 773 | 0 |
_tVie Intelectuelle (La) _gvol. 18, nº. 3, 1932, págs. 419-445 _wRev907 |
|
| 942 | _cAR | ||
| 999 |
_c568219 _d568219 |
||